000 00723nam a2200253Ia 4500
005 20230116102041.0
008 131103s9999 xx 000 0 und d
010 _a582492327
020 _aGBP 8.50
040 _aLoreto College
041 _aEnglish
082 _a821.409
_bPAR
100 _aParfitt,George
245 _aEnglish poetry of the seventeenth century
_cGeorge Parfitt
260 _aLondon
_bLongman
_c1986
300 _axi,236 p.
440 _aLongman Literature In English Series
504 _aIncludes bibliographical references and index
650 _aEnglish Poetry
651 _a17th Century - History and Criticism
700 _aCarroll,David,series ed.
850 _aLCLIB
942 _cBK
999 _c13143
_d63622